<?xml version="1.0" encoding="UTF-8"?>
<record
    xmlns:xsi="http://www.w3.org/2001/XMLSchema-instance"
    xsi:schemaLocation="http://www.loc.gov/MARC21/slim http://www.loc.gov/standards/marcxml/schema/MARC21slim.xsd"
    xmlns="http://www.loc.gov/MARC21/slim">

  <leader>01014nam a22003014a 4500</leader>
  <controlfield tag="001">474</controlfield>
  <controlfield tag="003">OSt</controlfield>
  <controlfield tag="005">20250902131104.0</controlfield>
  <controlfield tag="008">250902b        |||||||| |||| 00| 0 eng d</controlfield>
  <datafield tag="020" ind1=" " ind2=" ">
    <subfield code="a">8526216937</subfield>
  </datafield>
  <datafield tag="040" ind1=" " ind2=" ">
    <subfield code="b">por</subfield>
  </datafield>
  <datafield tag="041" ind1=" " ind2=" ">
    <subfield code="h">por</subfield>
  </datafield>
  <datafield tag="082" ind1="0" ind2="4">
    <subfield code="a">028.5</subfield>
    <subfield code="b">A161q</subfield>
  </datafield>
  <datafield tag="100" ind1="1" ind2=" ">
    <subfield code="a">Abramovich, Fanny,</subfield>
    <subfield code="d">1940-2017</subfield>
    <subfield code="9">1019</subfield>
  </datafield>
  <datafield tag="245" ind1="1" ind2="0">
    <subfield code="a">Que raio de professora sou eu? /</subfield>
    <subfield code="c">Fanny Abramovich ; [ilustr&#xE7;oes: Celia Eid].</subfield>
  </datafield>
  <datafield tag="250" ind1=" " ind2=" ">
    <subfield code="a">4. ed. -</subfield>
  </datafield>
  <datafield tag="260" ind1=" " ind2=" ">
    <subfield code="a">S&#xE3;o Paulo :</subfield>
    <subfield code="b">Scipione,</subfield>
    <subfield code="c">1994.</subfield>
  </datafield>
  <datafield tag="300" ind1=" " ind2=" ">
    <subfield code="a">96p. :</subfield>
    <subfield code="b">il. ;</subfield>
  </datafield>
  <datafield tag="520" ind1=" " ind2=" ">
    <subfield code="a">Laura &#xE9; professora da Hist&#xF3;ria, tem 33 anos e &#xE9; divorciada. Um dia resolve escrever um di&#xE1;rio, que acaba sendo tamb&#xE9;m um registo dos bastidores do magist&#xE9;rio e do universo estudantil no Brasil de hoje.
</subfield>
  </datafield>
  <datafield tag="650" ind1=" " ind2=" ">
    <subfield code="a">Literatura Brasileira</subfield>
    <subfield code="9">205</subfield>
  </datafield>
  <datafield tag="650" ind1=" " ind2=" ">
    <subfield code="a">Infantojuvenil</subfield>
    <subfield code="9">200</subfield>
  </datafield>
  <datafield tag="650" ind1=" " ind2="0">
    <subfield code="a">Educa&#xE7;&#xE3;o </subfield>
    <subfield code="9">20</subfield>
  </datafield>
  <datafield tag="655" ind1=" " ind2="0">
    <subfield code="a">Romance</subfield>
    <subfield code="9">23</subfield>
  </datafield>
  <datafield tag="655" ind1=" " ind2="0">
    <subfield code="a">N&#xE3;o Fic&#xE7;&#xE3;o</subfield>
    <subfield code="9">102</subfield>
  </datafield>
  <datafield tag="700" ind1="1" ind2=" ">
    <subfield code="a">Eid, Celia.</subfield>
    <subfield code="e">Ilustradora</subfield>
    <subfield code="9">1020</subfield>
  </datafield>
  <datafield tag="830" ind1="0" ind2=" ">
    <subfield code="a">Di&#xE1;logo</subfield>
    <subfield code="9">997</subfield>
  </datafield>
  <datafield tag="942" ind1=" " ind2=" ">
    <subfield code="2">ddc</subfield>
    <subfield code="n">0</subfield>
    <subfield code="c">BK</subfield>
  </datafield>
  <datafield tag="952" ind1=" " ind2=" ">
    <subfield code="0">0</subfield>
    <subfield code="1">0</subfield>
    <subfield code="2">ddc</subfield>
    <subfield code="4">0</subfield>
    <subfield code="7">0</subfield>
    <subfield code="8">FIC</subfield>
    <subfield code="a">BIBIB</subfield>
    <subfield code="b">BIBIB</subfield>
    <subfield code="c">IJ</subfield>
    <subfield code="d">2025-09-02</subfield>
    <subfield code="e">doa&#xE7;&#xE3;o</subfield>
    <subfield code="l">0</subfield>
    <subfield code="o">028.5 / A161q</subfield>
    <subfield code="p">2025-17406</subfield>
    <subfield code="r">2025-09-02 09:39:22</subfield>
    <subfield code="t">vol. 1</subfield>
    <subfield code="w">2025-09-02</subfield>
    <subfield code="y">BK</subfield>
  </datafield>
  <datafield tag="952" ind1=" " ind2=" ">
    <subfield code="0">0</subfield>
    <subfield code="1">0</subfield>
    <subfield code="2">ddc</subfield>
    <subfield code="4">0</subfield>
    <subfield code="7">0</subfield>
    <subfield code="8">FIC</subfield>
    <subfield code="a">BIBIB</subfield>
    <subfield code="b">BIBIB</subfield>
    <subfield code="c">IJ</subfield>
    <subfield code="d">2025-09-02</subfield>
    <subfield code="e">doa&#xE7;&#xE3;o</subfield>
    <subfield code="l">0</subfield>
    <subfield code="o">028.5 / A161q</subfield>
    <subfield code="p">2025-17407</subfield>
    <subfield code="r">2025-09-02 09:39:22</subfield>
    <subfield code="t">vol. 2</subfield>
    <subfield code="w">2025-09-02</subfield>
    <subfield code="y">BK</subfield>
  </datafield>
  <datafield tag="999" ind1=" " ind2=" ">
    <subfield code="c">474</subfield>
    <subfield code="d">474</subfield>
  </datafield>
</record>
